<?xml version="1.0" encoding="UTF-8"?>
<record
    xmlns:xsi="http://www.w3.org/2001/XMLSchema-instance"
    xsi:schemaLocation="http://www.loc.gov/MARC21/slim http://www.loc.gov/standards/marcxml/schema/MARC21slim.xsd"
    xmlns="http://www.loc.gov/MARC21/slim">

  <leader>00508nam a22001697a 4500</leader>
  <controlfield tag="005">20231114121133.0</controlfield>
  <controlfield tag="008">231114b        |||||||| |||| 00| 0 eng d</controlfield>
  <datafield tag="020" ind1=" " ind2=" ">
    <subfield code="a">0702115630</subfield>
  </datafield>
  <datafield tag="041" ind1=" " ind2=" ">
    <subfield code="a">English </subfield>
  </datafield>
  <datafield tag="082" ind1=" " ind2=" ">
    <subfield code="a">344.6 LOO</subfield>
  </datafield>
  <datafield tag="100" ind1=" " ind2=" ">
    <subfield code="a">Loots, PC </subfield>
    <subfield code="l">English </subfield>
  </datafield>
  <datafield tag="245" ind1=" " ind2=" ">
    <subfield code="a">Engineering and Construction Law / </subfield>
    <subfield code="c">PC Loots </subfield>
  </datafield>
  <datafield tag="260" ind1=" " ind2=" ">
    <subfield code="a">Cape Town : </subfield>
    <subfield code="b">Juta and Company Ltd, </subfield>
    <subfield code="c">1985 </subfield>
  </datafield>
  <datafield tag="300" ind1=" " ind2=" ">
    <subfield code="b">xxxv, 431 pages ; </subfield>
    <subfield code="c">26,2 cm.</subfield>
  </datafield>
  <datafield tag="650" ind1=" " ind2=" ">
    <subfield code="a">Legal practice </subfield>
    <subfield code="b">Law </subfield>
  </datafield>
  <datafield tag="942" ind1=" " ind2=" ">
    <subfield code="c">BK</subfield>
    <subfield code="6">ALISON_BN_VRIES</subfield>
  </datafield>
  <datafield tag="999" ind1=" " ind2=" ">
    <subfield code="c">626</subfield>
    <subfield code="d">626</subfield>
  </datafield>
  <datafield tag="952" ind1=" " ind2=" ">
    <subfield code="0">0</subfield>
    <subfield code="1">0</subfield>
    <subfield code="2">ddc</subfield>
    <subfield code="4">0</subfield>
    <subfield code="6">344_600000000000000_LOO</subfield>
    <subfield code="7">0</subfield>
    <subfield code="8">TXBK</subfield>
    <subfield code="9">764</subfield>
    <subfield code="a">LSN</subfield>
    <subfield code="b">LSN</subfield>
    <subfield code="c">CE</subfield>
    <subfield code="d">2023-11-14</subfield>
    <subfield code="l">3</subfield>
    <subfield code="o">344.6 LOO</subfield>
    <subfield code="p">LSN/1987/149</subfield>
    <subfield code="r">2025-10-08 12:49:34</subfield>
    <subfield code="s">2025-09-25</subfield>
    <subfield code="w">2023-11-14</subfield>
    <subfield code="y">BK</subfield>
  </datafield>
  <datafield tag="952" ind1=" " ind2=" ">
    <subfield code="0">0</subfield>
    <subfield code="1">0</subfield>
    <subfield code="2">ddc</subfield>
    <subfield code="4">0</subfield>
    <subfield code="6">344_600000000000000_LOO</subfield>
    <subfield code="7">0</subfield>
    <subfield code="8">TXBK</subfield>
    <subfield code="9">765</subfield>
    <subfield code="a">LSN</subfield>
    <subfield code="b">LSN</subfield>
    <subfield code="c">CE</subfield>
    <subfield code="d">2023-11-14</subfield>
    <subfield code="l">1</subfield>
    <subfield code="o">344.6 LOO</subfield>
    <subfield code="p">LSN/1986/57</subfield>
    <subfield code="r">2025-06-26 00:00:00</subfield>
    <subfield code="s">2025-05-27</subfield>
    <subfield code="w">2023-11-14</subfield>
    <subfield code="y">BK</subfield>
  </datafield>
</record>
